Statistics for Quick Numbers

Click here to take the quiz!

General Stats

  • This quiz has been taken 171 times
    (170 since last reset)
  • The average score is 23 of 30

Answer Stats

Answer% Correct
1
100%
2
100%
3
96%
4
96%
5
96%
6
96%
7
96%
8
95%
9
95%
10
91%
11
91%
12
89%
13
85%
14
85%
15
85%
16
84%
17
83%
18
80%
19
80%
20
70%
21
68%
22
63%
23
58%
24
48%
25
43%
26
41%
27
38%
28
37%
29
33%
30
27%

Score Distribution

Percentile by Number Answered

Percent of People with Each Score

Your Score History

You have not taken this quiz since the last reset